书目信息 |
| 题名: |
毛泽东思想概论考点与题典
|
|
| 作者: | 张静芳 主编 | |
| 分册: | ||
| 出版信息: | 沈阳 辽宁大学出版社 2001.10 |
|
| 页数: | 230页 | |
| 开本: | 20cm | |
| 丛书名: | ||
| 单 册: | ||
| 中图分类: | A84-44 | |
| 科图分类: | ||
| 主题词: | 毛泽东著作--学习 , 毛泽东著作研究 | |
| 电子资源: | ||
| ISBN: | 7-5610-3928-X | |
| 000 | 00621nam0 2200205 45 | |
| 001 | 0354823989 | |
| 005 | 2003030715134393 | |
| 010 | @a7-5610-3928-X@dRMB 11.00 | |
| 100 | @a20030307d2001 km y0chiy0120 ea | |
| 101 | 0 | @achi |
| 102 | @aCN@b210000 | |
| 200 | 1 | @a毛泽东思想概论考点与题典@Amao ze dong si xiang gai lun kao dian yu ti dian@f张静芳主编@Fzhang jing fang zhu bian |
| 210 | @a沈阳@c辽宁大学出版社@d2001.10 | |
| 215 | @a230页@d20cm | |
| 606 | 0 | @a毛泽东著作@x学习 |
| 606 | 0 | @a毛泽东著作研究 |
| 690 | @aA84-44@v3 | |
| 701 | 0 | @a张静芳@Azhang jing fang@4主编 |
| 801 | 0 | @aCN@bPFT@c20030307 |
| 905 | @dA84-44@eZ120 | |
| 毛泽东思想概论考点与题典/张静芳主编.-沈阳:辽宁大学出版社,2001.10 |
| 230页;20cm |
| ISBN 7-5610-3928-X:RMB 11.00 |
| ● |
| 相关链接 |
|
|
|
正题名:毛泽东思想概论考点与题典
索取号:A84-44/Z120
 
预约/预借
| 序号 | 登录号 | 条形码 | 馆藏地/架位号 | 状态 | 备注 |
| 1 | 364837 | 203648375 | 社科库509/509社科库 4排4列3层/ [索取号:A84-44/Z120] | 在馆 | |
| 2 | 364838 | 203648384 | 社科库509/509社科库 4排4列3层/ [索取号:A84-44/Z120] | 在馆 | |
| 3 | 364839 | 203648393 | 社科库509/509社科库 4排4列3层/ [索取号:A84-44/Z120] | 在馆 |